000 00879cam a22002415a 4500
005 20081020032651.0
008 081003s2008 ii ab b 001 0 eng
010 _aENG-92631
020 _c95.00
035 _aEN-76164
037 _bDBAD / PUB
040 _adpl
_bEnglish
082 _a658.4033
100 _aNaseer Ahmed, A.
245 _aResource management techniques /
_cby A. Naseer Ahmed
260 _aMadurai
_bSri Hari Printers
_c2008
270 _aSri Nagar, Iyyar Bangalow,
_bMadurai
_e625014
300 _aviii, 292p.
_c22cm (pbk)
650 _aDecision support systems.
650 _aDecision making
_xMathematical models.
942 _2ddc
_cEN
_mNAS
_h658.4033
999 _c22489
_d22489